|
|
|
|
| LEADER |
01000cam a2200265 c 4500 |
| 001 |
025794213 |
| 003 |
DE-627 |
| 005 |
20260421153917.0 |
| 007 |
tu |
| 008 |
890824s1989 gw ||||| 00| ||ger c |
| 015 |
|
|
|a 89,N33,0241
|2 dnb
|
| 016 |
7 |
|
|a 890664269
|2 DE-101
|
| 020 |
|
|
|a 3770051548
|9 3-7700-5154-8
|
| 035 |
|
|
|a (DE-627)025794213
|
| 035 |
|
|
|a (DE-603)011076879
|
| 035 |
|
|
|a (DE-576)018347045
|
| 035 |
|
|
|a (DE-599)GBV025794213
|
| 035 |
|
|
|a (OCoLC)230983309
|
| 035 |
|
|
|a (DE-604)8018674852
|
| 040 |
|
|
|a DE-627
|b ger
|c DE-627
|e rakwb
|
| 041 |
|
|
|a ger
|
| 044 |
|
|
|c XA-DE
|
| 050 |
|
0 |
|a KK7962
|
| 082 |
0 |
|
|a 345.43
|q OCLC
|
| 084 |
|
|
|a 19
|2 sdnb
|
| 084 |
|
|
|a 18
|2 sdnb
|
| 084 |
|
|
|a PH 4340
|2 rvk
|0 (DE-625)rvk/136127:
|
| 084 |
|
|
|a NQ 6100
|2 rvk
|0 (DE-625)rvk/128695:
|
| 084 |
|
|
|a PH 3510
|2 rvk
|0 (DE-625)rvk/136053:
|
| 084 |
|
|
|a PH 2410
|2 rvk
|0 (DE-625)rvk/135997:
|
| 084 |
|
|
|a 86.35
|2 bkl
|
| 084 |
|
|
|a 15.38
|2 bkl
|
| 100 |
1 |
|
|a Schiffers, Reinhard
|d 1935-
|e verfasserin
|0 (DE-588)120244284
|0 (DE-627)080548695
|0 (DE-576)162907389
|4 aut
|
| 245 |
1 |
0 |
|a Zwischen Bürgerfreiheit und Staatsschutz
|b Wiederherstellung und Neufassung des politischen Strafrechts in der Bundesrepublik Deutschland, 1949 - 1951
|c Reinhard Schiffers
|
| 264 |
|
1 |
|a Düsseldorf
|b Droste
|c 1989
|
| 300 |
|
|
|a 390 S.
|
| 336 |
|
|
|a Text
|b txt
|2 rdacontent
|
| 337 |
|
|
|a ohne Hilfsmittel zu benutzen
|b n
|2 rdamedia
|
| 338 |
|
|
|a Band
|b nc
|2 rdacarrier
|
| 490 |
1 |
|
|a Beiträge zur Geschichte des Parlamentarismus und der politischen Parteien
|v 88
|
| 500 |
|
|
|a Literaturverz, S. 363 - 382
|
| 505 |
8 |
|
|a Literaturverz. S. 366 - 382
|
| 583 |
1 |
|
|a Archivierung/Langzeitarchivierung gewährleistet
|f SLG
|x XA-DE-BW
|z BfZ
|2 pdager
|5 DE-24
|
| 648 |
|
7 |
|a Geschichte 1949-1956
|2 gnd
|
| 650 |
|
0 |
|a Political crimes and offenses
|z Germany (West)
|x History
|
| 650 |
|
4 |
|a Bundesrepublik Deutschland
|
| 650 |
|
4 |
|a Nachkriegszeit
|
| 650 |
|
4 |
|a Strafrecht/Strafjustiz
|
| 650 |
|
4 |
|a Gesetze
|
| 650 |
|
4 |
|a Literaturverzeichnis/Bibliographie
|
| 650 |
|
4 |
|a Federal Republic of Germany
|
| 650 |
|
4 |
|a post-war period
|
| 650 |
|
4 |
|a criminal law/criminal justice
|
| 650 |
|
4 |
|a laws
|
| 650 |
|
4 |
|a bibliography
|
| 689 |
0 |
0 |
|D s
|0 (DE-588)4140155-4
|0 (DE-627)105629944
|0 (DE-576)209700424
|a Politisches Strafrecht
|2 gnd
|
| 689 |
0 |
1 |
|D s
|0 (DE-588)4020682-8
|0 (DE-627)106317121
|0 (DE-576)208934405
|a Gesetzgebung
|2 gnd
|
| 689 |
0 |
2 |
|A z
|2 gnd
|a Geschichte 1949-1956
|
| 689 |
0 |
|
|5 DE-101
|
| 830 |
|
0 |
|a Beiträge zur Geschichte des Parlamentarismus und der politischen Parteien
|v 88
|9 88
|w (DE-627)130108898
|w (DE-576)015641244
|w (DE-600)503528-4
|x 0522-6643
|7 am
|
| 912 |
|
|
|a GBV_ILN_11
|
| 912 |
|
|
|a ISIL_DE-1a
|
| 912 |
|
|
|a SYSFLAG_1
|
| 912 |
|
|
|a GBV_KXP
|
| 912 |
|
|
|a SSG-OLC-PHA
|
| 912 |
|
|
|a GBV_ILN_20
|
| 912 |
|
|
|a ISIL_DE-84
|
| 912 |
|
|
|a GBV_ILN_21
|
| 912 |
|
|
|a ISIL_DE-46
|
| 912 |
|
|
|a GBV_ILN_22
|
| 912 |
|
|
|a ISIL_DE-18
|
| 912 |
|
|
|a GBV_ILN_22_i30402
|
| 912 |
|
|
|a GBV_ILN_22_i25008
|
| 912 |
|
|
|a GBV_ILN_22_i30908
|
| 912 |
|
|
|a GBV_ILN_24
|
| 912 |
|
|
|a ISIL_DE-8
|
| 912 |
|
|
|a GBV_ILN_24_f003
|
| 912 |
|
|
|a GBV_ILN_31
|
| 912 |
|
|
|a ISIL_DE-27
|
| 912 |
|
|
|a GBV_ILN_39
|
| 912 |
|
|
|a ISIL_DE-547
|
| 912 |
|
|
|a GBV_ILN_40
|
| 912 |
|
|
|a ISIL_DE-7
|
| 912 |
|
|
|a GBV_ILN_40_i148
|
| 912 |
|
|
|a GBV_ILN_40_i053
|
| 912 |
|
|
|a GBV_ILN_40_i037
|
| 912 |
|
|
|a GBV_ILN_60
|
| 912 |
|
|
|a ISIL_DE-705
|
| 912 |
|
|
|a GBV_ILN_62
|
| 912 |
|
|
|a ISIL_DE-28
|
| 912 |
|
|
|a GBV_ILN_65
|
| 912 |
|
|
|a ISIL_DE-3
|
| 912 |
|
|
|a GBV_ILN_65_a3
|
| 912 |
|
|
|a GBV_ILN_65_a098
|
| 912 |
|
|
|a GBV_ILN_65_a018
|
| 912 |
|
|
|a GBV_ILN_69
|
| 912 |
|
|
|a ISIL_DE-9
|
| 912 |
|
|
|a GBV_ILN_70
|
| 912 |
|
|
|a ISIL_DE-89
|
| 912 |
|
|
|a GBV_ILN_72
|
| 912 |
|
|
|a ISIL_DE-35
|
| 912 |
|
|
|a GBV_ILN_77
|
| 912 |
|
|
|a ISIL_DE-Hv14
|
| 912 |
|
|
|a GBV_ILN_110
|
| 912 |
|
|
|a ISIL_DE-Luen4
|
| 912 |
|
|
|a GBV_ILN_120
|
| 912 |
|
|
|a ISIL_DE-715
|
| 912 |
|
|
|a GBV_ILN_121
|
| 912 |
|
|
|a ISIL_DE-45
|
| 912 |
|
|
|a GBV_ILN_130
|
| 912 |
|
|
|a ISIL_DE-700
|
| 912 |
|
|
|a GBV_ILN_184
|
| 912 |
|
|
|a ISIL_DE-H360
|
| 912 |
|
|
|a GBV_ILN_227
|
| 912 |
|
|
|a ISIL_DE-56
|
| 912 |
|
|
|a GBV_ILN_350
|
| 912 |
|
|
|a ISIL_DE-2795
|
| 912 |
|
|
|a GBV_ILN_350_
|
| 912 |
|
|
|a GBV_ILN_607
|
| 912 |
|
|
|a ISIL_DE-H373
|
| 912 |
|
|
|a GBV_ILN_697
|
| 912 |
|
|
|a ISIL_DE-Y8
|
| 912 |
|
|
|a GBV_ILN_812
|
| 912 |
|
|
|a GBV_ILN_902
|
| 912 |
|
|
|a ISIL_DE-B177
|
| 912 |
|
|
|a GBV_ILN_1125
|
| 912 |
|
|
|a ISIL_DE-2378
|
| 912 |
|
|
|a GBV_ILN_2001
|
| 912 |
|
|
|a ISIL_DE-21
|
| 912 |
|
|
|a GBV_ILN_2002
|
| 912 |
|
|
|a ISIL_DE-21-106
|
| 912 |
|
|
|a ISIL_DE-21-24
|
| 912 |
|
|
|a ISIL_DE-21-110
|
| 912 |
|
|
|a GBV_ILN_2003
|
| 912 |
|
|
|a ISIL_DE-25
|
| 912 |
|
|
|a GBV_ILN_2004
|
| 912 |
|
|
|a ISIL_DE-25-31b
|
| 912 |
|
|
|a GBV_ILN_2005
|
| 912 |
|
|
|a ISIL_DE-291-313
|
| 912 |
|
|
|a GBV_ILN_2006
|
| 912 |
|
|
|a ISIL_DE-14
|
| 912 |
|
|
|a GBV_ILN_2007
|
| 912 |
|
|
|a ISIL_DE-352
|
| 912 |
|
|
|a GBV_ILN_2008
|
| 912 |
|
|
|a ISIL_DE-24
|
| 912 |
|
|
|a GBV_ILN_2009
|
| 912 |
|
|
|a ISIL_DE-180
|
| 912 |
|
|
|a GBV_ILN_2010
|
| 912 |
|
|
|a ISIL_DE-15
|
| 912 |
|
|
|a GBV_ILN_2011
|
| 912 |
|
|
|a ISIL_DE-16
|
| 912 |
|
|
|a GBV_ILN_2012
|
| 912 |
|
|
|a ISIL_DE-16-34
|
| 912 |
|
|
|a ISIL_DE-16-13
|
| 912 |
|
|
|a GBV_ILN_2014
|
| 912 |
|
|
|a ISIL_DE-90
|
| 912 |
|
|
|a GBV_ILN_2016
|
| 912 |
|
|
|a ISIL_DE-93-114
|
| 912 |
|
|
|a GBV_ILN_2018
|
| 912 |
|
|
|a ISIL_DE-31
|
| 912 |
|
|
|a GBV_ILN_2020
|
| 912 |
|
|
|a ISIL_DE-Ch1
|
| 912 |
|
|
|a GBV_ILN_2023
|
| 912 |
|
|
|a ISIL_DE-Ka26
|
| 912 |
|
|
|a GBV_ILN_2024
|
| 912 |
|
|
|a ISIL_DE-B208
|
| 912 |
|
|
|a GBV_ILN_2033
|
| 912 |
|
|
|a ISIL_DE-208
|
| 912 |
|
|
|a GBV_ILN_2035
|
| 912 |
|
|
|a ISIL_DE-Sp3
|
| 912 |
|
|
|a GBV_ILN_2056
|
| 912 |
|
|
|a ISIL_DE-2491
|
| 912 |
|
|
|a GBV_ILN_2074
|
| 912 |
|
|
|a ISIL_DE-Bo151
|
| 912 |
|
|
|a GBV_ILN_2124
|
| 912 |
|
|
|a ISIL_DE-Stg269
|
| 912 |
|
|
|a GBV_ILN_2208
|
| 912 |
|
|
|a ISIL_DE-451
|
| 912 |
|
|
|a GBV_ILN_2355
|
| 912 |
|
|
|a ISIL_DE-Ka81
|
| 912 |
|
|
|a GBV_ILN_2498
|
| 912 |
|
|
|a ISIL_DE-B19
|
| 912 |
|
|
|a GBV_ILN_2579
|
| 912 |
|
|
|a ISIL_DE-Mz5
|
| 935 |
|
|
|i Blocktest
|
| 936 |
r |
v |
|a PH 4340
|b Landesstrafrecht
|k Rechtswissenschaft
|k Strafrecht, Strafverfahrensrecht, Kriminologie
|k Nebenstrafrecht
|k Landesstrafrecht
|0 (DE-627)1272237141
|0 (DE-625)rvk/136127:
|0 (DE-576)202237141
|
| 936 |
r |
v |
|a NQ 6100
|b Allgemeines
|k Geschichte
|k Geschichte seit 1918
|k Deutsche Geschichte seit 1945
|k Bundesrepublik Deutschland (bis 1990)
|k Innenpolitik
|k Allgemeines
|0 (DE-627)1271472449
|0 (DE-625)rvk/128695:
|0 (DE-576)201472449
|
| 936 |
r |
v |
|a PH 3510
|b Friedensverrat, Hochverrat und Gefährdung des demokratischen Rechtsstaates; Landesverrat und Gefährdung der äußeren Sicherheit; Straftaten gegen ausländische Staaten
|k Rechtswissenschaft
|k Strafrecht, Strafverfahrensrecht, Kriminologie
|k Strafrecht
|k Besonderer Teil des StGB
|k Friedensverrat, Hochverrat und Gefährdung des demokratischen Rechtsstaates; Landesverrat und Gefährdung der äußeren Sicherheit; Straftaten gegen ausländische Staaten
|0 (DE-627)127212486X
|0 (DE-625)rvk/136053:
|0 (DE-576)20212486X
|
| 936 |
r |
v |
|a PH 2410
|b Entwicklung seit 1945
|k Rechtswissenschaft
|k Strafrecht, Strafverfahrensrecht, Kriminologie
|k Allgemeines und Geschichte
|k Geschichte
|k Entwicklung seit 1945
|0 (DE-627)1272168735
|0 (DE-625)rvk/135997:
|0 (DE-576)202168735
|
| 936 |
b |
k |
|a 86.35
|j Strafrecht: Besonderer Teil
|0 (DE-627)106416731
|
| 936 |
b |
k |
|a 15.38
|j Europäische Geschichte nach 1945
|q coli-conc RVK->BK
|q https://coli-conc.gbv.de/api/mappings/ca5e71c2-ea45-4983-9498-0aae53095f57
|0 (DE-627)181569671
|
| 951 |
|
|
|a BO
|
| 953 |
|
|
|2 045F
|a 345.43
|u https://www.gbv.de/dms/ddc/345.43.pdf
|
| 980 |
|
|
|2 11
|1 01
|x 0001
|b 021960364
|c 00
|f 2
|d 1 A 31117
|e u
|j --%%--
|y r
|z 06-11-89
|
| 980 |
|
|
|2 11
|1 02
|x 0001
|b 050184962
|c 00
|f 6
|d 30 SA 1321-88
|e u
|j --%%--
|y r
|z 26-03-99
|
| 980 |
|
|
|2 20
|1 01
|x 0084
|b 035625023
|c 00
|f --%%--
|d 2683-7859
|e --%%--
|j --%%--
|y n
|z 06-02-90
|
| 980 |
|
|
|2 20
|1 02
|x 0084
|b 613443411
|c 00
|f Q4
|d Ps 6360
|e i
|j --%%--
|y riQ4
|z 03-05-18
|
| 980 |
|
|
|2 21
|1 01
|x 0046
|b 184825288
|c 00
|f E02
|d a pol 099.1 2bp/161
|e u
|j --%%--
|h unc_202411
|y rza
|z 24-06-72
|
| 980 |
|
|
|2 22
|1 01
|x 0018
|b 083026908
|c 00
|f SUB
|d A 1989/12598
|e u
|j --%%--
|y zu
|z 08-03-90
|
| 980 |
|
|
|2 22
|1 02
|x 0018
|b 281370753
|c 00
|f 18/304
|d StR/PH 2410 S333
|e i
|j --%%--
|y zi30402
|z 05-05-98
|
| 980 |
|
|
|2 22
|1 03
|x 0018
|b 343535734
|c 00
|f H250
|d I Bc 1/88
|e i
|j --%%--
|y zi25008
|z 16-06-99
|
| 980 |
|
|
|2 22
|1 04
|x 0018
|b 756933005
|c 00
|f 18/309-GE
|d hit 366 4x/2
|e c
|j --%%--
|c 04
|f 18/309-h
|d hit 366 4x/2
|e i
|j --%%--
|y zi30908
|z 02-03-06
|
| 980 |
|
|
|2 24
|1 01
|x 0008
|b 194729567
|c 00
|f 13 jus 515
|d U 75-88
|e u
|j --%%--
|h ca
|y zz1
|z 22-08-96
|
| 980 |
|
|
|2 24
|1 03
|x 0008
|b 634001922
|c 00
|f 8/003
|d Str. IV 5992,6
|e i
|j --%%--
|h ca
|y zf003
|z 11-02-04
|
| 980 |
|
|
|2 31
|1 01
|x 0027
|b 149344562
|c 00
|f J 23
|d HIS:SV:830:::1989
|e d
|j --%%--
|c 09
|f --%%--
|d 93 NA 15932/1
|e --%%--
|j --%%--
|y n
|z 01-01-95
|
| 980 |
|
|
|2 39
|1 01
|x 0547
|b 170529800
|c 00
|f LS
|d PH 450 S333
|e b
|j --%%--
|y ze
|z 19-01-96
|
| 980 |
|
|
|2 40
|1 01
|x 0007
|b 035625007
|c 00
|f --%%--
|d 4 Z POL 819:88
|e u
|j --%%--
|c 09
|f --%%--
|d 4 Z POL 819:88
|e --%%--
|j --%%--
|y nsn
|z 24-03-92
|
| 980 |
|
|
|2 40
|1 02
|x 7/148
|b 035625074
|c 00
|f BBWISO
|d 16 : GC 3210 Schi
|e i
|j --%%--
|y ri148
|z 24-02-04
|
| 980 |
|
|
|2 40
|1 03
|x 0007
|b 831351799
|c 00
|f BBK-HIST
|d C XII 4590
|e i
|j --%%--
|y ri053
|z 21-08-07
|
| 980 |
|
|
|2 40
|1 04
|x 7/45
|b 035625066
|c 00
|f 7/037:Stra
|d XIV, 7395
|e i
|j --%%--
|y ni037
|z 21-03-90
|
| 980 |
|
|
|2 60
|1 01
|x 0705
|b 03562504X
|c 00
|f JUR
|d JUR 890:W0001
|e u
|j --%%--
|y n
|z 01-01-92
|
| 980 |
|
|
|2 62
|1 02
|x 0028
|b 327874856
|c 00
|f 28/BB2
|d NQ 6100 S333
|e u
|j --%%--
|c 09
|f --%%--
|d 94 A 446/1
|e --%%--
|j --%%--
|y ri260
|z 17-03-99
|
| 980 |
|
|
|2 65
|1 01
|x 0003
|b 232746532
|c 00
|f M1
|d 91 A 6721
|e u
|j --%%--
|y ra3
|z 02-04-97
|
| 980 |
|
|
|2 65
|1 02
|x 3/18
|b 193224887
|c 00
|f Ha 18-98
|d B 21.30 SchR
|e u
|j --%%--
|y za098
|z 06-08-96
|
| 980 |
|
|
|2 65
|1 03
|x 3/18
|b 136607489
|c 00
|f Ha 18-18
|d G VI CI 1002 <a-b>
|e --%%--
|j --%%--
|y ra018
|z 12-02-99
|
| 980 |
|
|
|2 69
|1 40
|x 0009
|b 635288885
|c 00
|f BB 310
|d 310/NQ 6100 S333
|e u
|j --%%--
|y ri225
|z 02-03-07
|
| 980 |
|
|
|2 69
|1 41
|x 0009
|b 685425150
|c 00
|f UB 650
|d 650/PH 4340 S333
|e u
|j --%%--
|y ni400
|z 02-08-06
|
| 980 |
|
|
|2 70
|1 01
|x 89/16
|b 347489524
|c 00
|f FBR
|d jur 890 tr 19-235
|e i
|j --%%--
|y rcr
|z 15-07-99
|
| 980 |
|
|
|2 72
|1 01
|x 0035
|b 035625015
|c 00
|f ZEN
|d 89/8127
|e u
|j --%%--
|y nz
|z 27-09-89
|
| 980 |
|
|
|2 77
|1 01
|x 3077
|b 158695283
|c 00
|f --%%--
|d 89.739
|e u
|j --%%--
|y r
|z 21-05-03
|
| 980 |
|
|
|2 110
|1 01
|x 3110
|b 035625058
|c 00
|f CAM
|d Gesch 2270.007
|e --%%--
|j --%%--
|y nz
|z 29-08-89
|
| 980 |
|
|
|2 120
|1 01
|x 0715
|b 78908726X
|c 00
|f --%%--
|d jur 890 tr BN 5551
|e u
|j --%%--
|h alma
|y z
|z 21-03-02
|
| 980 |
|
|
|2 121
|1 01
|x 0045
|b 790497360
|c 00
|f --%%--
|d 89-1828
|e u
|j --%%--
|h alma
|y z
|z 21-03-02
|
| 980 |
|
|
|2 130
|1 01
|x 0700
|b 035625031
|c 00
|f J
|d QPJ / Sci
|e s
|j --%%--
|y nj
|z 08-07-91
|
| 980 |
|
|
|2 184
|1 01
|x 3184
|b 4764304295
|c 00
|f GR
|d R 759 h Schif 1989
|e i
|j --%%--
|y z
|z 26-08-25
|
| 980 |
|
|
|2 227
|1 01
|x 0056
|b 160313368
|c 00
|f --%%--
|d Zs II 498 : 88
|e u
|j --%%--
|y x
|z 11-11-71
|
| 980 |
|
|
|2 350
|1 01
|x 8293
|b 09828102X
|c 00
|f MAG1
|d Ad 10 -88
|e i
|j --%%--
|y n
|z 04-04-00
|
| 980 |
|
|
|2 607
|1 01
|x 4607
|b 931531861
|c 00
|f --%%--
|d ius/G/33
|e c
|j --%%--
|y n
|z 30-03-09
|
| 980 |
|
|
|2 697
|1 01
|x 4697
|b 1476200548
|c 00
|f MA
|d KK 7962 .S35 1989
|e u
|j --%%--
|y z
|z 14-05-14
|
| 980 |
|
|
|2 812
|1 01
|x 4812/0002
|b 3783157110
|c 00
|f A
|d 32267
|e d
|j --%%--
|y nA
|z 13-10-20
|
| 980 |
|
|
|2 902
|1 01
|x 4902
|b 4137344191
|c 00
|f KG-MAG
|d Hg 943
|e u
|j --%%--
|y zkg
|z 19-05-22
|
| 980 |
|
|
|2 1125
|1 01
|x 4125
|b 4816263195
|c 00
|f --%%--
|d LC.70.002
|e i
|j --%%--
|y n
|z 29-02-24
|
| 980 |
|
|
|2 2001
|1 01
|x DE-21
|b 3324788536
|c 00
|f --%%--
|d 29 A 16824
|e --%%--
|j --%%--
|y l01
|z 27-11-89
|
| 980 |
|
|
|2 2002
|1 01
|x DE-21-106
|b 3324788552
|c 00
|f --%%--
|d P III Schi R
|e p
|j --%%--
|y l01
|z 24-08-05
|
| 980 |
|
|
|2 2002
|1 02
|x DE-21-24
|b 3324788560
|c 00
|f --%%--
|d J,IIGc,160
|e p
|j --%%--
|y l01
|z 13-05-96
|
| 980 |
|
|
|2 2002
|1 03
|x DE-21-110
|b 3324788579
|c 00
|f --%%--
|d F II 219
|e p
|j --%%--
|y l01
|z 16-07-93
|
| 980 |
|
|
|2 2003
|1 01
|x DE-25
|b 3324788617
|c 00
|f --%%--
|d GE 89/7225
|e --%%--
|j --%%--
|y l01
|z 14-07-94
|
| 980 |
|
|
|2 2004
|1 01
|x DE-25-31b
|b 3324788633
|c 00
|f --%%--
|d Frei 31b: M VI 150
|e p
|j --%%--
|c 01
|f --%%--
|d Bereich Politik
|e --%%--
|j --%%--
|c 09
|f --%%--
|d Frei 92: M VI 150
|e p
|j --%%--
|y l01
|z 08-06-94
|
| 980 |
|
|
|2 2005
|1 01
|x DE-291-313
|b 332478865X
|c 00
|f --%%--
|d O10 13400
|e p
|j --%%--
|y l01
|z 18-09-98
|
| 980 |
|
|
|2 2006
|1 01
|x DE-14
|b 3324788676
|c 00
|f --%%--
|d --%%--
|e --%%--
|j --%%--
|y l01
|z 02-09-91
|
| 980 |
|
|
|2 2007
|1 01
|x DE-352
|b 3324788692
|c 00
|f --%%--
|d --%%--
|e --%%--
|j --%%--
|y l01
|z 08-08-89
|
| 980 |
|
|
|2 2008
|1 01
|x DE-24
|b 3324788714
|c 00
|f --%%--
|d B 69580
|e --%%--
|j --%%--
|k m
|y l01
|z 14-01-91
|
| 980 |
|
|
|2 2009
|1 02
|x DE-180
|b 3324788757
|c 00
|f 300
|d 300 NQ 6100 S333
|e --%%--
|j n
|y l01
|z 07-01-16
|
| 980 |
|
|
|2 2009
|1 03
|x DE-180
|b 3324788765
|c 00
|f MAG09
|d 89 A 5520
|e --%%--
|j l
|y l01
|z 04-04-16
|
| 980 |
|
|
|2 2010
|1 01
|x DE-15
|b 3324788781
|c 00
|f --%%--
|d --%%--
|e --%%--
|j --%%--
|y l01
|z 28-04-95
|
| 980 |
|
|
|2 2011
|1 01
|x DE-16
|b 3324788803
|c 00
|f --%%--
|d 89 A 9847
|e --%%--
|j --%%--
|y l01
|z 20-12-89
|
| 980 |
|
|
|2 2012
|1 01
|x DE-16-34
|b 3324788838
|c 00
|f --%%--
|d Hi 14705
|e p
|j --%%--
|y l01
|z 20-01-05
|
| 980 |
|
|
|2 2012
|1 03
|x DE-16-13
|b 3324788854
|c 00
|f --%%--
|d JU/NQ 6100 S333
|e p
|j --%%--
|y l01
|z 03-05-01
|
| 980 |
|
|
|2 2014
|1 01
|x DE-90
|b 3324788919
|c 00
|f --%%--
|d 2003 A 8329
|e --%%--
|j --%%--
|y l01
|z 25-09-03
|
| 980 |
|
|
|2 2016
|1 01
|x DE-93-114
|b 3324788935
|c 00
|f --%%--
|d Pe 5598
|e p
|j --%%--
|k Acc.1989/601
|y l01
|z 02-06-03
|
| 980 |
|
|
|2 2018
|1 01
|x DE-31
|b 332478896X
|c 00
|f --%%--
|d --%%--
|e --%%--
|j --%%--
|k 28.07.93/mü/mü
|y l01
|z 04-04-90
|
| 980 |
|
|
|2 2020
|1 01
|x DE-Ch1
|b 3324788994
|c 00
|f --%%--
|d PH 370 schi
|e --%%--
|j --%%--
|y l01
|z 01-11-94
|
| 980 |
|
|
|2 2023
|1 01
|x DE-Ka26
|b 3324789028
|c 00
|f --%%--
|d ZR 059-88
|e --%%--
|j --%%--
|y l01
|z 18-08-97
|
| 980 |
|
|
|2 2024
|1 01
|x DE-B208
|b 3324789060
|c 00
|f --%%--
|d --%%--
|e --%%--
|j --%%--
|y l01
|z 02-01-90
|
| 980 |
|
|
|2 2033
|1 01
|x DE-208
|b 3324789087
|c 00
|f --%%--
|d St 2026/60 - 88
|e --%%--
|j --%%--
|y l01
|z 06-05-09
|
| 980 |
|
|
|2 2035
|1 01
|x DE-Sp3
|b 3324789109
|c 00
|f --%%--
|d --%%--
|e p
|j --%%--
|y l01
|z 14-01-97
|
| 980 |
|
|
|2 2056
|1 01
|x DE-2491
|b 3807958193
|c 00
|f --%%--
|d Hz 500 (088
|e --%%--
|j n
|y l01
|z 23-07-20
|
| 980 |
|
|
|2 2074
|1 01
|x DE-Bo151
|b 3324789141
|c 00
|f Raum 3.209
|d NQ 6100 1989.464
|e n
|j n
|y l01
|z 05-12-16
|
| 980 |
|
|
|2 2124
|1 01
|x DE-Stg269
|b 3324789176
|c 00
|f --%%--
|d Llp SCH 108 /Ltp
|e p
|j --%%--
|y l01
|z 21-08-15
|
| 980 |
|
|
|2 2208
|1 01
|x DE-451
|b 3324789192
|c 00
|f --%%--
|d Z5 1613
|e p
|j --%%--
|y l01
|z 11-02-14
|
| 980 |
|
|
|2 2355
|1 01
|x DE-Ka81
|b 4251184114
|c 00
|f --%%--
|d Rn 4295 (88)
|e p
|j --%%--
|y l01
|z 24-01-23
|
| 980 |
|
|
|2 2498
|1 01
|x DE-B19
|b 3620549192
|c 00
|f --%%--
|d Ed 3305 (PA)
|e --%%--
|j n
|y l01
|z 08-04-20
|
| 980 |
|
|
|2 2579
|1 01
|x DE-Mz5
|b 4700414707
|c 00
|f IEG/2
|d NE 562
|e p
|j n
|y l01
|z 26-07-06
|
| 982 |
|
|
|2 31
|1 00
|x DE-27
|8 00
|a Politisches Strafrecht / Gesetzgebung / Geschichte 1949 - 1956
|
| 982 |
|
|
|2 40
|1 04
|x 7/45
|8 80
|a Politisches Strafrecht
|
| 982 |
|
|
|2 70
|1 00
|x DE-89
|8 30
|a Politisches Strafrecht
|
| 982 |
|
|
|2 350
|1 01
|x 8293
|8 00
|a Deutschland <Bundesrepublik>
|
| 982 |
|
|
|2 350
|1 01
|x 8293
|8 00
|a Strafrecht
|
| 982 |
|
|
|2 812
|1 00
|x 4812
|8 00
|a BUNDESREPUBLIK NACHKRIEGSZEIT
|
| 982 |
|
|
|2 812
|1 00
|x 4812
|8 01
|a BUNDESREPUBLIK POLITISCHES STRAFRECHT
|
| 982 |
|
|
|2 902
|1 00
|x DE-B177
|8 00
|a Rechtsstaatsgefährdung
|
| 982 |
|
|
|2 2002
|1 01
|x DE-21-106
|8 00
|s s
|0 (DE-627)1311401539
|a Justiz
|
| 982 |
|
|
|2 2002
|1 01
|x DE-21-106
|8 01
|s s
|0 (DE-627)1311405992
|a Strafrecht
|
| 982 |
|
|
|2 2002
|1 01
|x DE-21-106
|8 02
|s s
|0 (DE-627)131140306X
|a Parlamentarismus
|
| 982 |
|
|
|2 2002
|1 01
|x DE-21-106
|8 03
|s s
|0 (DE-627)1311400729
|a Demokratie
|
| 982 |
|
|
|2 2002
|1 02
|x DE-21-24
|8 00
|s s
|a Staatsschutz (strafrechtlicher: 1949 - 1951)
|
| 982 |
|
|
|2 2074
|1 01
|x DE-Bo151
|8 00
|s s
|a Politisches Strafrecht
|
| 982 |
|
|
|2 2074
|1 01
|x DE-Bo151
|8 00
|s s
|a Gesetzgebung
|
| 982 |
|
|
|2 2074
|1 01
|x DE-Bo151
|8 00
|s s
|a Deutschland <Bundesrepublik>
|
| 982 |
|
|
|2 2074
|1 01
|x DE-Bo151
|8 00
|s s
|a Geschichte 1949-1951
|
| 983 |
|
|
|2 11
|1 00
|x DE-1a
|8 00
|0 (DE-627)284960608
|a Rec D 91; Politisches Strafrecht
|
| 983 |
|
|
|2 11
|1 00
|x DE-1a
|8 01
|0 (DE-627)286835398
|a Deutschland <BRep>; Rec D 91 Politisches Strafrecht
|
| 983 |
|
|
|2 21
|1 00
|x DE-46
|8 30
|a pol 099.1 2bp
|
| 983 |
|
|
|2 21
|1 00
|x DE-46
|8 31
|a hit 366 4k
|
| 983 |
|
|
|2 21
|1 00
|x DE-46
|8 32
|a hit 366 4x
|
| 983 |
|
|
|2 21
|1 00
|x DE-46
|8 99
|a 32
|
| 983 |
|
|
|2 22
|1 01
|x 0018
|8 00
|a 352.14:G201.5
|
| 983 |
|
|
|2 22
|1 02
|x 0018
|8 09
|a PH 2410
|
| 983 |
|
|
|2 22
|1 02
|x 0018
|8 09
|a PH 3510
|
| 983 |
|
|
|2 24
|1 01
|x 0008
|8 50
|0 (DE-627)265722578
|a jus 612
|b Politisches Strafrecht
|b §§ 80-109k StGB
|
| 983 |
|
|
|2 24
|1 01
|x 0008
|8 51
|0 (DE-627)265561876
|a jus 515
|b Strafrechtsreform <nach 1945>
|b (allg.)
|
| 983 |
|
|
|2 39
|1 00
|x DE-547
|8 00
|a PH 450
|
| 983 |
|
|
|2 39
|1 00
|x DE-547
|8 01
|a PH 370
|
| 983 |
|
|
|2 40
|1 00
|x DE-7
|8 00
|0 (DE-627)621324108
|a NNA 660
|b Straftaten gegen den Bestand des Staates {Deutsches Strafrecht}
|
| 983 |
|
|
|2 60
|1 00
|x DE-705
|8 04
|a JUR 890
|
| 983 |
|
|
|2 69
|1 41
|x 0009
|8 00
|a UCB 2
|
| 983 |
|
|
|2 70
|1 00
|x DE-89
|8 30
|a jur 890 tr
|
| 983 |
|
|
|2 110
|1 00
|x DE-Luen4
|8 00
|a Gesch 2270
|
| 983 |
|
|
|2 110
|1 00
|x DE-Luen4
|8 01
|a Pol 1265
|
| 983 |
|
|
|2 110
|1 00
|x DE-Luen4
|8 02
|a Recht 230
|
| 983 |
|
|
|2 120
|1 00
|x DE-715
|8 00
|a jur 890 tr
|
| 983 |
|
|
|2 120
|1 00
|x DE-715
|8 01
|a jur 166 tr
|
| 983 |
|
|
|2 120
|1 00
|x DE-715
|8 02
|a jur 855 nf
|
| 983 |
|
|
|2 120
|1 01
|x 0715
|8 00
|a jur 890 tr
|
| 983 |
|
|
|2 120
|1 01
|x 0715
|8 00
|a jur 166 tr
|
| 983 |
|
|
|2 120
|1 01
|x 0715
|8 00
|a jur 855 nf
|
| 983 |
|
|
|2 120
|1 01
|x 0715
|8 00
|a jur 890 tr
|
| 983 |
|
|
|2 130
|1 00
|x DE-700
|8 00
|a QPJ
|
| 983 |
|
|
|2 130
|1 00
|x DE-700
|8 01
|a QNS
|
| 983 |
|
|
|2 184
|1 01
|x 3184
|8 00
|a GR
|
| 983 |
|
|
|2 812
|1 00
|x 4812
|8 00
|a 8 Bl 2
|
| 983 |
|
|
|2 812
|1 00
|x 4812
|8 01
|a 4 Hb
|
| 983 |
|
|
|2 2002
|1 02
|x DE-21-24
|8 00
|a J,IIGc,
|
| 983 |
|
|
|2 2002
|1 03
|x DE-21-110
|8 00
|a 5.7
|
| 983 |
|
|
|2 2020
|1 01
|x DE-Ch1
|8 00
|0 (DE-627)1292179635
|a PH 370
|
| 983 |
|
|
|2 2020
|1 01
|x DE-Ch1
|8 01
|0 (DE-627)1291954945
|a NQ 6100
|
| 983 |
|
|
|2 2033
|1 01
|x DE-208
|8 00
|0 (DE-627)1291210644
|a St XVI 1
|
| 983 |
|
|
|2 2033
|1 01
|x DE-208
|8 01
|0 (DE-627)1294666894
|a F V 4 l a
|
| 984 |
|
|
|2 11
|1 01
|x 0001
|a 106017555010
|
| 984 |
|
|
|2 11
|1 02
|x 0001
|a 139381234010
|
| 984 |
|
|
|2 20
|1 01
|x 0084
|a 84$026837859
|
| 984 |
|
|
|2 21
|1 01
|x 0046
|a 46$0202032442
|
| 984 |
|
|
|2 22
|1 01
|x 0018
|a 8941125985
|
| 984 |
|
|
|2 22
|1 02
|x 0018
|a 080402929
|
| 984 |
|
|
|2 22
|1 04
|x 0018
|a 089471285
|
| 984 |
|
|
|2 24
|1 01
|x 0008
|a 8$0009476822
|
| 984 |
|
|
|2 24
|1 03
|x 0008
|a 8$0007597398
|
| 984 |
|
|
|2 31
|1 01
|x 0027
|a 27$007982402
|
| 984 |
|
|
|2 39
|1 01
|x 0547
|a 547$000242365
|
| 984 |
|
|
|2 40
|1 01
|x 0007
|a 7$107806444
|
| 984 |
|
|
|2 40
|1 02
|x 7/148
|a 7/148$00258490
|
| 984 |
|
|
|2 40
|1 03
|x 0007
|a 7$225514249
|
| 984 |
|
|
|2 40
|1 04
|x 7/45
|a 7/037$00162574
|
| 984 |
|
|
|2 60
|1 01
|x 0705
|a 705/0$05168139
|
| 984 |
|
|
|2 62
|1 02
|x 0028
|a 28$005204178
|
| 984 |
|
|
|2 65
|1 01
|x 0003
|a 3$001065998
|
| 984 |
|
|
|2 65
|1 02
|x 3/18
|a 3/98$000369098
|
| 984 |
|
|
|2 65
|1 03
|x 3/18
|a 3/18$000214930
|c <a>
|a 3/18$000215007
|c <b>
|
| 984 |
|
|
|2 69
|1 40
|x 0009
|a 9$06696864
|
| 984 |
|
|
|2 69
|1 41
|x 0009
|a 9$00971863
|
| 984 |
|
|
|2 70
|1 01
|x 89/16
|a 35/03$00950017
|
| 984 |
|
|
|2 72
|1 01
|x 0035
|a 35$001679384
|
| 984 |
|
|
|2 77
|1 01
|x 3077
|a HV14$044202X
|
| 984 |
|
|
|2 110
|1 01
|x 3110
|a LUN4$02179407
|
| 984 |
|
|
|2 120
|1 01
|x 0715
|a 06123424
|
| 984 |
|
|
|2 121
|1 01
|x 0045
|a 45$500230668
|
| 984 |
|
|
|2 130
|1 01
|x 0700
|a 700$44564214
|
| 984 |
|
|
|2 184
|1 01
|x 3184
|a H360$1461605
|
| 984 |
|
|
|2 227
|1 01
|x 0056
|a 56$000845430
|
| 984 |
|
|
|2 350
|1 01
|x 8293
|a 8293000527727
|
| 984 |
|
|
|2 607
|1 01
|x 4607
|a 4607$006923X
|
| 984 |
|
|
|2 812
|1 01
|x 4812/0002
|a 32267X
|
| 985 |
|
|
|2 21
|1 01
|x 0046
|a we 4161
|
| 985 |
|
|
|2 22
|1 02
|x 0018
|a FW 90/870
|
| 985 |
|
|
|2 22
|1 03
|x 0018
|a 525/89
|
| 985 |
|
|
|2 22
|1 04
|x 0018
|a 077 1989/927
|
| 985 |
|
|
|2 24
|1 03
|x 0008
|a 1990/1108
|
| 985 |
|
|
|2 31
|1 01
|x 0027
|a D93/G/54969
|
| 985 |
|
|
|2 39
|1 01
|x 0547
|a 94/21433
|
| 985 |
|
|
|2 40
|1 02
|x 7/148
|a 89/4432
|
| 985 |
|
|
|2 40
|1 03
|x 0007
|a 89.412
|
| 985 |
|
|
|2 40
|1 04
|x 7/45
|a T 7617
|
| 985 |
|
|
|2 60
|1 01
|x 0705
|a X 6018/m
|
| 985 |
|
|
|2 62
|1 02
|x 0028
|a 94 A 446/1
|
| 985 |
|
|
|2 65
|1 02
|x 3/18
|a 1992 K 352
|
| 985 |
|
|
|2 65
|1 03
|x 3/18
|a 18/93/182, 18/94/1068
|
| 985 |
|
|
|2 69
|1 40
|x 0009
|a 1992.689
|
| 985 |
|
|
|2 69
|1 41
|x 0009
|a 93.381
|
| 985 |
|
|
|2 70
|1 01
|x 89/16
|a FBR 89 M 1235
|
| 985 |
|
|
|2 72
|1 01
|x 0035
|a F 1989.1131
|
| 985 |
|
|
|2 77
|1 01
|x 3077
|a 89.739
|
| 985 |
|
|
|2 110
|1 01
|x 3110
|a 89-2673
|
| 985 |
|
|
|2 130
|1 01
|x 0700
|a 4456-421 4
|
| 985 |
|
|
|2 227
|1 01
|x 0056
|a F 89.690
|
| 985 |
|
|
|2 350
|1 01
|x 8293
|a 89/1376
|
| 985 |
|
|
|2 697
|1 01
|x 4697
|a 1990/1323
|
| 985 |
|
|
|2 1125
|1 01
|x 4125
|a 1989-855
|
| 985 |
|
|
|2 2002
|1 01
|x DE-21-106
|a 14845/89
|
| 985 |
|
|
|2 2002
|1 02
|x DE-21-24
|a 89/1621
|
| 985 |
|
|
|2 2005
|1 01
|x DE-291-313
|a 89-865
|
| 985 |
|
|
|2 2033
|1 01
|x DE-208
|a 699/90
|
| 985 |
|
|
|2 2056
|1 01
|x DE-2491
|a 90.15
|
| 985 |
|
|
|2 2074
|1 01
|x DE-Bo151
|a 1989.464
|
| 985 |
|
|
|2 2124
|1 01
|x DE-Stg269
|a 2155-2015
|
| 985 |
|
|
|2 2208
|1 01
|x DE-451
|a R1613
|
| 985 |
|
|
|2 2355
|1 01
|x DE-Ka81
|a 2023/541
|
| 985 |
|
|
|2 2579
|1 01
|x DE-Mz5
|a 1994.651
|
| 995 |
|
|
|2 21
|1 01
|x 0046
|a unc_202411
|
| 995 |
|
|
|2 24
|1 01
|x 0008
|a ca
|
| 995 |
|
|
|2 24
|1 03
|x 0008
|a ca
|
| 995 |
|
|
|2 120
|1 01
|x 0715
|a alma
|
| 995 |
|
|
|2 121
|1 01
|x 0045
|a alma
|